Economic Geography / (Record no. 44970)

MARC details
000 -LEADER
fixed length control field 00516nam a22001937a 4500
003 - CONTROL NUMBER IDENTIFIER
control field CUTN
005 - DATE AND TIME OF LATEST TRANSACTION
control field 20250801155737.0
008 - FIXED-LENGTH DATA ELEMENTS--GENERAL INFORMATION
fixed length control field 250801b |||||||| |||| 00| 0 eng d
020 ## - INTERNATIONAL STANDARD BOOK NUMBER
International Standard Book Number 9788131609491
041 ## - LANGUAGE CODE
Language English
082 ## - DEWEY DECIMAL CLASSIFICATION NUMBER
Edition number 23
Classification number 330.9
Item number SAX
100 ## - MAIN ENTRY--PERSONAL NAME
Personal name Saxena, H.M
245 ## - TITLE STATEMENT
Title Economic Geography /
Statement of responsibility, etc H.M. Saxena
250 ## - EDITION STATEMENT
Edition statement 2nd ed.
260 ## - PUBLICATION, DISTRIBUTION, ETC. (IMPRINT)
Place of publication, distribution, etc New Delhi :
Name of publisher, distributor, etc Rawat Publications,
Date of publication, distribution, etc r 2024.
300 ## - PHYSICAL DESCRIPTION
Extent x, 400 p.:
Other physical details ill.;
Dimensions 20.3 x 25.4 x 4.7 cm.
650 ## - SUBJECT ADDED ENTRY--TOPICAL TERM
Topical term or geographic name as entry element Soil conservation
942 ## - ADDED ENTRY ELEMENTS (KOHA)
Source of classification or shelving scheme Dewey Decimal Classification
Koha item type Coaching cell/ UGC NET Cell
Holdings
Withdrawn status Lost status Source of classification or shelving scheme Damaged status Not for loan Collection code Home library Location Shelving location Date of Cataloging Source of acquisition Total Checkouts Full call number Barcode Date last seen Price effective from Koha item type
    Dewey Decimal Classification     Non-fiction CUTN Central Library CUTN Central Library History & Geography 01/08/2025 UGC NET Cell 2025   330.9 SAX 52237 01/08/2025 01/08/2025 Coaching cell/ UGC NET Cell